000 00386nam a22001697a 4500
005 20160617164943.0
008 160617b xxu||||| |||| 00| 0 eng d
020 _a0-07-048633-6
041 _aeng
082 _b8047
100 _aCohan, Steven
_92161
245 _aNegofiating Skill for Managers
260 _bTMH
_c2002
300 _a187
650 _aManagement
_9241
942 _cBK
999 _c3017
_d3016